All the Geography I know (A-Most of M) - Statistics

General Stats
  • This quiz has been taken 30 times
  • The average score is 356 of 500
Answer Stats
Hint Answer % Correct
Capital of Greece Athens
100%
Capital of Germany Berlin
100%
Capital of Belgium Brussels
100%
Capital of the U.A.E Abu Dhabi
94%
U.s State(Hint:Sweet Home) Alabama
94%
Country in Northern Africa Algeria
94%
Country in Europe Andorra
94%
Capital of Turkey Ankara
94%
Cold continent Antarctica
94%
Very cold ocean Arctic
94%
Country in the Caucasus Armenia
94%
Continent of Japan Asia
94%
2nd biggest ocean Atlantic
94%
Capital of Texas Austin
94%
Country in the Caucasus Azerbaijan
94%
Capital of Iraq Baghdad
94%
Country in the Caribbean Bahamas
94%
Capital of Thailand Bangkok
94%
Antigua and _______ Barbuda
94%
Capital of Catalonia Barcelona
94%
Capital of China Beijing
94%
West African Country Benin
94%
City in United Kingdom Birmingham
94%
Capital of Guinea ______ Bissau
94%
South American Country Bolivia
94%
Capital of Massachusetts Boston
94%
South American Country Brasil/Brazil
94%
Capital of the Above Brasilia
94%
Capital of Hungary Budapest
94%
Capital of Argentina Buenos Aires
94%
Previous name of Myanmar Burma
94%
Capital of Egypt Cairo
94%
City in the above Cali
94%
U.s State California
94%
Capital of Australia Canberra
94%
Asian Country China
94%
Greek Island Crete
94%
U.s State Delaware
94%
Capital of Colorado Denver
94%
French Territory in South America French Guiana
94%
Mountain in Japan Fuji
94%
Country in between Senegal Gambia
94%
Country in the Caucasus/U.s State Georgia
94%
Desert in China and Mongolia Gobi
94%
West African Country/Gulf Guinea
94%
Caribbean Island Country Haiti
94%
Capital of Cuba Havana
94%
U.s State Hawaii
94%
Island the above is located on Hispaniola
94%
Biggest city in Vietnam Ho Chi Minh
94%
Chinese city/island Hong Kong
94%
Capital of that state Honolulu
94%
Biggest city in Texas Houston
94%
U.s State Illinois
94%
Huge country in Asia in size and populatio India
94%
U.s State Indiana
94%
Capital of the Above Indianapolis
94%
Capital of Mississippi Jackson
94%
Biggest city in Florida Jacksonville
94%
Capital of Indonesia Jakarta
94%
Capital of Israel Jerusalem
94%
Country in the Middle East Jordan
94%
Capital of Ukraine Kiev
94%
Country on the Indochina Peninsula Laos
94%
Capital of Peru Lima
94%
Capital of Portugal Lisbon
94%
Country in the Indian Ocean Maldives
94%
U.s State Maryland
94%
U.s State Montana
94%
New name for Burma Myanmar
94%
Capital of Nigeria Abuja
89%
Capital of Ethiopia Addis Ababa
89%
Sea between Turkey and Greece Aegean
89%
Continent of South Africa Africa
89%
U.s State Alaska
89%
Country in Europe Albania
89%
Capital of New York Albany
89%
Canadian Province Alberta
89%
City in Egypt Alexandria
89%
Capital of the Above Algiers
89%
Capital of Jordan Amman
89%
Biggest city in the above Anchorage
89%
Capital of Maryland Annapolis
89%
Capital of Madagascar Antananarivo
89%
Country in South America Argentina
89%
Capital and biggest city of Georgia(State) Atlanta
89%
Biggest city in New Zealand Auckland
89%
Capital of Mali Bamako
89%
Country in the Caribbean Barbados
89%
Capital of Northern Ireland Belfast
89%
Central American Country Belize
89%
Capital of Switzerland Bern
89%
Capital of North Dakota Bismarck
89%
One of the South African Capitals Bloemfontein
89%
Capital of Colombia Bogota
89%
Capital of Idaho Boise
89%
Capital of the Republic of the Congo Brazzaville
89%
Capital of Romania Bucharest
89%
East African Country Burundi
89%
Old name of Kolkata Calcutta
89%
Country on the Indochina Peninsula Cambodia
89%
Country only bordering the U.s Canada
89%
One of the South African Capitals Cape Town
89%
South American Country Colombia
89%
Capital of Guinea Conakry
89%
Country in Central America Costa Rica
89%
Capital of Texas Dallas
89%
Mountain in Alaska Denali
89%
City in Michigan Detroit
89%
Capital of Bangladesh Dhaka
89%
Biggest city in the United Arab Emirates Dubai
89%
Capital of Ireland Dublin
89%
Capital of Scotland Edinburgh
89%
One of the most populated countries in the Middle East Egypt
89%
Region/City in Portugal Faro
89%
Danish Islands Faroe
89%
Oceanian Country Fiji
89%
Country in Scandinavia Finland
89%
City in Italy(Hint:Medici) Florence
89%
Country in Western Europe France
89%
Capital of Kentucky Frankfort
89%
City in Germany Hamburg
89%
Capital of Vietnam Hanoi
89%
Capital of Montana Helena
89%
Capital of Finland Helsinki
89%
Japanese Island Hokkaido
89%
Japanese Island Honshu
89%
U.s State Idaho
89%
U.s State Iowa
89%
Country in the Middle East Iran
89%
Country in the Middle East Iraq
89%
Biggest city in Turkey Istanbul
89%
Indonesian island Java
89%
Biggest city in South Africa Johannesburg
89%
U.s State Kansas
89%
Country in Central Asia Kazakhstan
89%
U.s State Kentucky
89%
One of the Bolivian Capitals La Paz
89%
Capital of Malawi Lilongwe
89%
City in United Kingdom Liverpool
89%
Capital of United Kingdom London
89%
Capital of Angola Luanda
89%
Capital of Zambia Lusaka
89%
Capital of Spain Madrid
89%
Country in West Africa Mali
89%
Island country off the east coast of Africa Mauritius
89%
Country in North America Mexico
89%
City in Florida Miami
89%
U.s State Mississippi
89%
Capital of Somalia Mogadishu
89%
Capital of Uruguay Montevideo
89%
Country in that region Morocco
89%
Capital of Oman Muscat
89%
Sea bordering Croatia and Slovenia Adriatic
83%
Biggest City in New Mexico Albuquerque
83%
Capital of the Above Andorra La Vella
83%
City in Belgium Antwerp
83%
Capital of Turkmenistan Ashgabat
83%
Previous name of Nur-Sultan Astana
83%
Country in Oceania Australia
83%
Country in Europe Austria
83%
Small Middle Eastern Island Country Bahrain
83%
Capital of the Above Belmopan
83%
City in Australia Brisbane
83%
West African Country Burkina Faso
83%
West African Country Chad
83%
U.s State Colorado
83%
Island country in the Indian Ocean Comoros
83%
Capital of Senegal Dakar
83%
Biggest city in Tanzania(Full Name) Dar Es Salaam
83%
East African Country with a capital of the same name Djibouti
83%
City in United Kingdom(Hint:White Cliffs) Dover
83%
Capital of Tajikistan Dushanbe
83%
Old name for Tokyo Edo
83%
Central American Country El Salvador
83%
City in Morocco Fez
83%
Region of Belgium Flanders
83%
U.s State Florida
83%
Capital of Sierra Leone Freetown
83%
Indian River Ganges
83%
City in Italy Genoa
83%
HUGE city in China Guangzhou
83%
Ethiopian City Harar
83%
Capital of Zimbabwe Harare
83%
British Airport Heathrow
83%
Capital of Tasmania Hobart
83%
Central American Country Honduras
83%
Capital of Solomon Islands Honiara
83%
European Country Hungary
83%
Country with the most muslims Indonesia
83%
Capital of Pakistan Islamabad
83%
Country in the Middle East Israel
83%
Turkish city formerly known as Smyrna Izmir
83%
Island Country in the Pacific Japan
83%
City in Saudi Arabia Jeddah
83%
Capital of South Sudan Juba
83%
Capital of Sudan Khartoum
83%
Capital of Democratic Republic of the Congo Kinshasa
83%
Country on the Balkan Peninsula Kosovo
83%
Country in Central Asia Kyrgyzstan
83%
Capital of Michigan Lansing
83%
Country along the Baltic Sea Latvia
83%
City in United Kingdom Leeds
83%
Country along the Gulf of Guinea Liberia
83%
City in Ireland Limerick
83%
Country along the Baltic Sea Lithuania
83%
Island Country off the east coast of Africa Madagascar
83%
U.s State Maine
83%
Country in Southeast Asia Malaysia
83%
Capital of that country Male
83%
Capital of Bahrain Manama
83%
Country in West Africa Mauritania
83%
City in Saudi Arabia Mecca
83%
City in Saudi Arabia Medina
83%
U.s State Michigan
83%
Capital of Liberia Monrovia
83%
Country in Southern Africa Mozambique
83%
City in Denmark Aarhus
78%
Capital of Ghana Accra
78%
Language of South Africa Afrikaans
78%
City in India Ahmedabad
78%
City in Syria Aleppo
78%
City in Kazakhstan Almaty
78%
Capital of Samoa Apia
78%
U.s State Arkansas
78%
Capital of Eritrea Asmara
78%
City in Maryland Baltimore
78%
Indian City Bangalore
78%
Capital of the Central African Republic Bangui
78%
City in Turkey(Hint:The caped crusader) Batman
78%
City in Libya Benghazi
78%
British Island in the Atlantic Ocean Bermuda
78%
Capital of Kyrgyzstan Bishkek
78%
Capital of West Germany after WW2 Bonn
78%
City in France Bordeaux
78%
City in Colorado Boulder
78%
Capital of Slovakia Bratislava
78%
City in New York Buffalo
78%
City in South Korea Busan
78%
City on the Yucatan Peninsula Cancun
78%
Island Country in the Atlantic Cape Verde/Cabo Verde
78%
City in Morocco Casablanca
78%
Region of Spain Catalonia
78%
River/Jungle Area in Africa Congo
78%
U.s State Connecticut
78%
City in Ireland Cork
78%
Capital of Bali Denpasar
78%
City in France(Hint:Mustard) Dijon
78%
Capital of Tanzania Dodoma
78%
Russian River Don
78%
City in Germany Dresden
78%
City in South Africa Durban
78%
South American Country Ecuador
78%
Southern African Country Eswatini
78%
Alaskan City Fairbanks
78%
British Islands off the coast of South America Falkland
78%
Country in West Africa Gabon
78%
City in Poland Gdansk
78%
West European Country Germany
78%
City in Egypt Giza
78%
Biggest city in Scotland Glasgow
78%
Country at the bottom of the Balkan Peninsula Greece
78%
Capital of Pennsylvania Harrisburg
78%
City in Scotland Inverness
78%
City in India Jaipur
78%
British Island in the English Channel Jersey
78%
City in Nigeria Kano
78%
Biggest city in that state Kansas City
78%
Country in Eastern Africa Kenya
78%
Capital of Rwanda Kigali
78%
City in Japan Kyoto
78%
Biggest city in Nigeria Lagos
78%
City in Pakistan Lahore
78%
Country in the Maghreb Libya
78%
City in France Lyon
78%
Country in Southern Africa Malawi
78%
Capital of Nicaragua Managua
78%
City in United Kingdom Manchester
78%
Canadian Province Manitoba
78%
City in France Marseille
78%
Country in Oceania Marshall Islands
78%
U.s State Massachusetts
78%
City in Australia Melbourne
78%
^U.s State Minnesota
78%
U.s State Missouri
78%
City in Quebec Montreal
78%
City in Yemen Aden
72%
City in India Agra
72%
Capital of Azerbaijan Baku
72%
Indonesian Island Bali
72%
Capital of Gambia Banjul
72%
Capital of Serbia Belgrade
72%
City in Italy Bologna
72%
City in the Above Calgary
72%
German City Cologne
72%
City in Benin Cotonou
72%
Country on the Balkan Peninsula Croatia
72%
City in Australia Darwin
72%
Ukrainian River Dnieper
72%
City in Canada Edmonton
72%
City in Texas El Paso
72%
Country just north of the above Eritrea
72%
City in Germany Essen
72%
Country where I was born Ethiopia
72%
Canadian Bay Fundy
72%
2nd biggest city in Sweden Gothenburg/Goteburg
72%
City in Spain Granada
72%
Chinese Island Hainan
72%
Capital of Connecticut Hartford
72%
Japanese City Hiroshima
72%
City in Nigeria Ibadan
72%
City in South Korea Incheon
72%
Capital of Uganda Kampala
72%
City in Pakistan Karachi
72%
City in Texas Laredo
72%
Capital of Slovenia Ljubljana
72%
City in Egypt Luxor
72%
City in Ukraine Lviv
72%
Spanish Island Majorca
72%
Capital of the above Maputo
72%
Capital of Lesotho Maseru
72%
Capital of Eswatini Mbabane
72%
City in Italy Milan
72%
Country in East Asia Mongolia
72%
City in France/Capital of Vermont Montpelier
72%
City in India Mumbai
72%
City in Ohio Akron
67%
City in California Anaheim
67%
City in Colombia Barranquilla
67%
City in Switzerland Basel
67%
Biggest city in Montana Billings
67%
City in the Czech Republic Brno
67%
City in Belgium Bruges
67%
Another city there Chengdu
67%
2nd biggest city in Bangladesh Chittagong
67%
City in Peru Cuzco
67%
City in Vietnam Da Nang
67%
City in Ukraine Dnipro
67%
City in Ukraine Donetsk
67%
City in North Carolina Durham
67%
City in Germany Dusseldorf
67%
City in Japan Fukuoka
67%
City in Belgium Ghent
67%
City in France Lille
67%
City in Austria Linz
67%
City in Poland Lodz
67%
Region of Northern Africa Maghreb
67%
Capital of Equatorial Guinea Malabo
67%
City in Spain Malaga
67%
City in Brazil Manaus
67%
City in Venezuela Maracaibo
67%
City in that country Marrakech/Marrakesh
67%
City in Colombia Medellin
67%
Spanish Island Minorca
67%
City in Iraq Mosul
67%
City in Michigan Ann Arbor
61%
City in Turkey Antalya/Antayla
61%
Sea in Europe Baltic
61%
City in Italy Bari
61%
Another city there Belize City
61%
City in Spain Bilbao
61%
German City State Bremen
61%
City in United Kingdom Bristol
61%
City in the Above Bujumbura
61%
French City Calais
61%
City in South Korea Daegu
61%
City in Brazil Fortaleza
61%
City in Israel Haifa
61%
City in Germany Hanover
61%
City in Nevada Henderson
61%
Capital of Crete Heraklion
61%
City in Afghanistan Herat
61%
City in California Irvine
61%
City in Ukraine Kharkiv
61%
Home of Tyre Lebanon
61%
City in Texas Lubbock
61%
Capital of the above Majuro
61%
Region of China Manchuria
61%
French island in the Caribbean Martinique
61%
Another city there Monterrey
61%
City in Georgia(State) Augusta
56%
Northern city in Alaska Barrow
56%
City in Belarus/France Brest
56%
City in Germany Dortmund
56%
City in Cameroon Douala
56%
City in New Zealand Dunedin
56%
City in Finland Espoo
56%
Region where the above is located Guangdong
56%
Chinese City Hangzhou
56%
Another city in that state Hilo
56%
City in the above Indore
56%
City in the above Isfahan
56%
City in Japan Kobe
56%
Island/City in China Macau
56%
Biggest city in the state with^ next to it Minneapolis
56%
City in Denmark Aalborg
50%
City in Mexico Acapulco
50%
City in Russia Arkhangelsk
50%
City in Colorado Aspen
50%
City in California Bakersfield
50%
Dutch Island in the Caribbean Bonaire
50%
City in Portugal Braga
50%
City on Sicily Catania
50%
City in Ireland Galway
50%
Chinese City Harbin
50%
City in Taiwan Kaohsiung
50%
City in Russia Krasnoyarsk
50%
City in the above Mandalay
50%
City in Jamaica Montego Bay
50%
British island in the Caribbean Montserrat
50%
City in Nigeria Aba
44%
City in Turkey Adana
44%
City in Egypt Aswan
44%
Lake in Hungary Balaton
44%
Gulf between Sweden and Finland Bothnia
44%
City in Bulgaria Burgas
44%
City in Turkey Bursa
44%
City in Saudi Arabia Dammam
44%
City in Syria Homs
44%
City in Russia Kazan
44%
City in Iraq Kirkuk
44%
City in Ghana Kumasi
44%
City in Poland Lublin
44%
City in Ukraine Luhansk
44%
City in Iraq Mashad/Mashhad
44%
City in the Democratic Republic of the Congo Mbuji Mayi
44%
City in Germany Augsburg
39%
City in California Berkeley
39%
City in Malawi Blantyre
39%
City in Italy Brescia
39%
City in Zimbabwe Bulawayo
39%
City in United Kingdom Cambridge
39%
City in Romania Constanta
39%
City in Hungary Debrecen
39%
Region of Italy(Full Name) Emilia Romagna
39%
City in Germany Erfurt
39%
City in Poland Gdynia
39%
City in Spain Gijon
39%
Capital of that island Haikou
39%
Region in the Himalayas that is being fought over Jammu
39%
Hawaiian Island Kauii
39%
Region of D.R.C Kongo
39%
City in Slovakia Kosice
39%
City in Russia Krasnodar
39%
City in Indonesia Medan
39%
City in that country Merida
39%
City in Turkey Mersin
39%
City in Niger Agadez
33%
City in Egypt Asyut
33%
City in Angola Benguela
33%
City in United Kingdom Bournemouth
33%
City in Romania Brasov
33%
City in Angola Cabinda
33%
Region of Greece Epirus
33%
City in Denmark Esbjerg
33%
Canadian River Fraser
33%
City in Hungary Gyor
33%
City in Vietnam Haiphong
33%
Somalian City Hargeisa
33%
City in Israel Jericho
33%
City in Brazil Joao Pessoa
33%
City in Finland Jyvaskyla
33%
Irish County Kerry
33%
City in Lithuania Klaipeda
33%
City in Finland Kuopio
33%
City in California Long Beach
33%
City in Switzerland Luzern
33%
City in Argentina Mendoza
33%
City in Tanzania Mwanza
33%
Sea between Spain and Morocco Alboran
28%
City in the Above Bobo Dioulasso
28%
City in Germany Bremerhaven
28%
Sea north of Russia East Siberian
28%
Angolan City Huambo
28%
City in Nigeria Jos
28%
City in South Africa Kimberley
28%
City in Turkey Konya
28%
City in Iceland Kopavogur
28%
City in Greece Larissa
28%
City in Italy Messina
28%
City in Pakistan Multan
28%
Region of Ireland Munster
28%
City in Spain Murcia
28%
City in Belarus Babruysk
22%
Estonian Island Hiiumaa
22%
Capital region of Denmark Hovedstaden
22%
Romanian City Hunedoara
22%
City in Peru Iquitos
22%
City Bangladesh Khulna
22%
City in Albania Korce
22%
City in Morocco Laayoune
22%
City in China Luoyang
22%
Trust me last city there Mexicali
22%
A city there Belo Horizonte
17%
City in the above Chongjin
17%
City on the North Island of New Zealand Gisborne
17%
County of Estonia Harju
17%
Region of D.R.C Kivu
17%
City in Virginia Manassas
17%
Irish County Meath
11%
No matching quizzes found
Score Distribution
Percent of People with Each Score
Percentile by Number Answered
Your Score History
You have not taken this quiz